AU LIBRARIES
Centralized Library System Across Seven Campuses

Principles of Marketing (Record no. 47617)

MARC details
000 -LEADER
fixed length control field 00491 a2200181 4500
005 - DATE AND TIME OF LATEST TRANSACTION
control field 20260520092716.0
008 - FIXED-LENGTH DATA ELEMENTS--GENERAL INFORMATION
fixed length control field 260519b |||||||| |||| 00| 0 eng d
020 ## - INTERNATIONAL STANDARD BOOK NUMBER
ISBN 9781292220178
082 ## - DEWEY DECIMAL CLASSIFICATION NUMBER
Classification number 658.8
Author Mark KOT-P
100 ## - MAIN ENTRY--AUTHOR
Author Name Kotler, Philip
-- Armstrong, Gary
245 ## - TITLE STATEMENT
Title Principles of Marketing
250 ## - EDITION STATEMENT
Edition statement 17th Ed
260 ## - PUBLICATION, DISTRIBUTION, ETC.
Place of Publication United Kingdom
Name of publisher, distributor, etc. Pearson
Date of publication, distribution, etc. 2018
300 ## - PHYSICAL DESCRIPTION
Pages 734p.
504 ## - BIBLIOGRAPHY, ETC. NOTE
Bibliography, etc. note Includes Appendix, Glossary and reference
650 ## - SUBJECT ADDED ENTRY--TOPICAL TERM
Subject / Department Marketing Management
942 ## - ADDED ENTRY ELEMENTS (KOHA)
Koha item type Book
Holdings
Withdrawn status Lost status Damaged status Not for loan Collection code Permanent Location Current Location Shelving Location Date acquired Source of acquisition Price Inventory number Total Checkouts Full Call Number Accession No./Barcode Date last seen Koha item type
        Marketing Air University Kharian Campus Library Air University Kharian Campus Library Management Science 04/09/2026 Ali Book Services 3976.00 KA/10221   658.8 KOT-P AUKHP0679 05/19/2026 Book
Air University Sector E-9, Islamabad Pakistan
Email: librarian@au.edu.pk  Tel : +0092 51 9262612 Ext: 631